Gestión del cuidado interprofesional /
Zapisane w:
| Kolejni autorzy: | |
|---|---|
| Format: | Elektroniczne E-book |
| Język: | hiszpański |
| Wydane: |
Providencia, Santiago de Chile :
RiL editores,
[2019]
|
| Hasła przedmiotowe: | |
| Dostęp online: | Digitalia Hispánica |
| Etykiety: |
Dodaj etykietę
Nie ma etykietki, Dołącz pierwszą etykiete!
|
MARC
| LEADER | 00000nam a2200000Ii 4500 | ||
|---|---|---|---|
| 001 | DIGRILEDIT0967 | ||
| 003 | NyNyDIG | ||
| 008 | 210709s2019 cl a ob 000 0 spa d | ||
| 006 | m o d | ||
| 007 | cr ||||||||||| | ||
| 035 | |a (OCoLC)1282641609 | ||
| 040 | |a DGITA |b eng |e rda |e pn |c DGITA | ||
| 020 | |z 9789560106780 | ||
| 050 | 1 | 4 | |a R727.5 ebook |
| 082 | 0 | 4 | |a 610.6 |
| 245 | 0 | 0 | |a Gestión del cuidado interprofesional / |c Ricardo A. Ayala, editor. |
| 264 | 1 | |a Providencia, Santiago de Chile : |b RiL editores, |c [2019] | |
| 300 | |a 1 online resource : |b illustrations. | ||
| 336 | |a text |b txt |2 rdacontent | ||
| 337 | |a computer |b c |2 rdamedia | ||
| 338 | |a online resource |b cr |2 rdacarrier | ||
| 347 | |a text file |2 rdaft | ||
| 347 | |b PDF | ||
| 504 | |a Includes bibliographical references. | ||
| 588 | 0 | |a Online resource; title from PDF title page (Digitalia, viewed July 9, 2021) | |
| 650 | 0 | |a Medical personnel. | |
| 650 | 0 | |a Health and medicine. | |
| 655 | 0 | |a Electronic books. | |
| 700 | 1 | |a Ayala, Ricardo A., |e editor. | |
| 791 | 2 | |a Digitalia (Firm), |e distributor. | |
| 793 | 0 | |g Digitalia eBook Collection: |a Ril Editores | |
| 776 | 0 | 8 | |i Print version: |t Gestión del cuidado interprofesional. |b Primera edición. |d Providencia, Santiago de Chile : RiL editores, mayo de 2019 |z 9789560106780 |
| 856 | 4 | 0 | |3 Digitalia Hispánica |u https://digitalia.unach.elogim.com/a/65461/ |
| 910 | |a Premium collection: 2021 | ||